Statistics for Daily Country Riddle #37

Click here to take the quiz!

General Stats

  • This quiz has been taken 151 times
  • The average score is 9 of 11

Answer Stats

TypeAnswer% Correct
Found LetterA
99%
Found LetterI
99%
Correctly Placed LetterA
94%
Found LetterY
92%
Found LetterL
88%
Found LetterB
81%
Correctly Placed LetterI
80%
Correctly Placed LetterY
80%
Correctly Placed LetterB
79%
Correctly Placed LetterL
78%
Mystery CountryLibya
78%

Score Distribution

Percentile by Number Answered

Percent of People with Each Score

Your Score History

You have not taken this quiz